000 00491nam a22001817a 4500
999 _c125371
_d125371
005 20220107092313.0
008 220107b ||||| |||| 00| 0 eng d
040 _cPK-LaUMT
082 _a581.659
_bBER-P
100 _aBernhard-Smith, A.
245 _aPoisonous plants of all countries /
_cby A. Bernhard-Smith
250 _a2nd ed.
260 _aDelhi :
_bAsiatic Publishing House,
_c2004
300 _a112 p.
650 _aPoisonous plants
650 _aHarmful plants
942 _cBK